Khrushchev : the man and his era /

Bibliographic Details
Main Author: Taubman, William
Format: Book
Language:English
Published: New York : W.W. Norton, [2003]
Edition:1st ed.
Subjects:

MARC

Tag First Indicator Second Indicator Subfields
LEADER 00000cam a2200000 a 4500
001 in00001735521
005 20151024221015.0
008 020701s2003 nyuabf b 001 0 eng
010 |a  2002026404 
020 |a 0393051447 
035 |a (OCoLC)ocm50124301 
040 |a DLC  |c DLC  |d UtOrBLW 
043 |a e-ur--- 
049 |a TXAM 
050 0 0 |a DK275.K5  |b T38 2003 
082 0 0 |a 947.085/2/092  |a B  |2 21 
100 1 |a Taubman, William. 
245 1 0 |a Khrushchev :  |b the man and his era /  |c William Taubman. 
250 |a 1st ed. 
264 1 |a New York :  |b W.W. Norton,  |c [2003] 
264 4 |c ©2003 
300 |a xx, 876 pages, 32 unnumbered pages of plates :  |b illustrations, map ;  |c 25 cm. 
336 |a text  |b txt  |2 rdacontent 
337 |a unmediated  |b n  |2 rdamedia 
338 |a volume  |b nc  |2 rdacarrier 
500 |a Map on lining papers. 
504 |a Includes bibliographical references (pages 793-824) and index. 
586 |a National Book Critics Circle Award for Biography, 2003 
600 1 0 |a Khrushchev, Nikita Sergeevich,  |d 1894-1971. 
650 0 |a Heads of state  |z Soviet Union  |v Biography. 
651 0 |a Soviet Union  |x Politics and government  |y 1953-1985. 
945 |i PromptCat 
948 |a cataloged  |b h  |c 2003/3/24  |d c  |e dmitchel  |f 9:00:00 am 
994 |a 92  |b TXA 
999 |a MARS 
999 f f |s 287c5f71-6385-3de9-a59c-a3fb9e48f98c  |i d0b2666c-489e-3123-9c33-a4b1938a07a5  |t 0 
952 f f |p normal  |a Texas A&M University  |b College Station  |c Sterling C. Evans Library  |d Evans: Library Stacks  |t 0  |e DK275.K5 T38 2003  |h Library of Congress classification  |i unmediated -- volume  |m A14829998269 
998 f f |a DK275.K5 T38 2003  |t 0  |l Evans: Library Stacks